03248cam a2200373 i 4500003000900000005001700009008004100026024001900067040004400086082002100130090002100151100006100172245009700233250003300330264006800363264008700431300003500518336003600553337003500589338002900624504004700653520066100700650006401361650004301425650003701468650004501505653002101550856056601571856054902137942001702686949003802703952011602741999001702857SA-RiAUC20250915053151.0250913s1980 jo g b 00000 ara c0 a00000000874103 aSA-RiAUCbaracSA-RiAUCdAE-DuMBRLerda04a247.98qSA-RiAUC a247.98bخ ط ي1 aالخطيب، محمد أحمد،d1951-eمؤلف.10aعقيدة الدروز :bعرض ونقض /cتأليف محمد أحمد الخطيب. aالطبعة الأولى. 1aعمان، الأردن :bمكتبة الأقصى،c1980. 3aعمان، الأردن :bجمعية عمال المطابع التعاونية a286 صفحة ؛c24 × 17 سم aنصbtxt2rdacontent3كتاب aبدون وسيطbn2rdamedia aمجلدbnc2rdacarrier aببليوجرافية : صفحة 274-286. aبدأ المؤلف (محمد أحمد الخطيب) كتابه (عقيدة الدروز : عرض ونقض) بمقدمة تمهيدية حول نشأة الدروز وصلتهم بالإسماعيلية الباطنية، ثم تحدث عن شخصية الحاكم بأمر الله، وأثرها في عقيدة الدروز، وأشهر دعاة الدروز وآراؤهم، ثم تناول عقيدة الدروز، وقام بالرد عليها، ثم تحدث عن شريعة الدروز وتقسيم المجتمع عندهم، وموقفهم من الأديان والفرق الأخرى، وبذلك ختم الكتاب. 7aالإسماعيلية (فرقة إسلامية)2aucsh 7aالفرق الإسلامية2aucsh 7aعقائد الشيعة2aucsh 7aالدروزxحياة دينية2aucsh aالديانات uhttp://saaid.net/book/open.php?cat=89&book=1144yExternal Link2 نرجو الانتباه لإمكانية وجود اختلاف في الطبعة أو الناشر بين البيانات على البوابة وما ستجده على الكتاب نظرا لمحدودية المعلومات المتاحة على الموقع الناشر للمادة.3Please note that there may be a difference in the edition or publisher between the data on the portal and the book due to the limited information available on the publisher website for the material. uhttp://saaid.net/book/2/567.zipyDigital Copy2 نرجو الانتباه لإمكانية وجود اختلاف في الطبعة أو الناشر بين البيانات على البوابة وما ستجده على الكتاب نظرا لمحدودية المعلومات المتاحة على الموقع الناشر للمادة.3Please note that there may be a difference in the edition or publisher between the data on the portal and the book due to the limited information available on the publisher website for the material. 2ddccBOOKn0 aSA-JeALMd250913umohamedma123n1 00102ddc4070aWAHABbWAHABd2025-09-15l0o247.98 خ ط يp000018918r2025-09-15 05:32:43w2025-09-15yBOOK c11729d11729